000 00590nam a2200205Ia 4500
005 20260429112208.0
008 260429s9999||||xx |||||||||||||| ||und||
020 _a9789356819122
041 _aEnglish
082 _a351.007
_bGKP
100 _aGKP
245 0 _aIntelligence bureau assistant central intelligence officer (grade II / executive) /
_cGKP
250 _a1st ed.
260 _aHaryana :
_bG K Publications (P) Ltd,
_c2025.
300 _apbk
650 _a Government recruitment
650 _a Intelligence services
650 _aCompetitive examinations
942 _cTB
999 _c52830
_d52830